العوامل الخمس الكبرى للشخصية وعلاقتها بالعجز المتعلم لدى الطلبة ذوي صعوبات التعلم = The Big Five Personality Factors and their Relationship to Learned Disability among Students with Learning Disabilities / (Record no. 33419)
[ view plain ]
| 000 -LEADER | |
|---|---|
| fixed length control field | 01180nam a22002057a 4500 |
| 003 - CONTROL NUMBER IDENTIFIER | |
| control field | JO-AjAnu |
| 005 - DATE AND TIME OF LATEST TRANSACTION | |
| control field | 20240605121528.0 |
| 008 - FIXED-LENGTH DATA ELEMENTS--GENERAL INFORMATION | |
| fixed length control field | 240406b jo ||||| |||| 00| 0 ara d |
| 040 ## - CATALOGING SOURCE | |
| Original cataloging agency | JO-AjAnu |
| Transcribing agency | JO-AjAnu |
| 041 #0 - LANGUAGE CODE | |
| Language code of text/sound track or separate title | ara |
| 050 ## - LIBRARY OF CONGRESS CALL NUMBER | |
| Classification number | BF698 |
| Item number | 2023 |
| 100 #1 - MAIN ENTRY--PERSONAL NAME | |
| Personal name | أبو عناب، علا عبدالحميد |
| 9 (RLIN) | 65283 |
| Relator term | معد |
| 245 ## - TITLE STATEMENT | |
| Title | العوامل الخمس الكبرى للشخصية وعلاقتها بالعجز المتعلم لدى الطلبة ذوي صعوبات التعلم = The Big Five Personality Factors and their Relationship to Learned Disability among Students with Learning Disabilities / |
| Statement of responsibility, etc. | إعداد علاء عبد الحميد أبو عناب ؛ إشراف خالد أحمد عبيدات |
| 260 ## - PUBLICATION, DISTRIBUTION, ETC. | |
| Date of publication, distribution, etc. | 2023 |
| 300 ## - PHYSICAL DESCRIPTION | |
| Extent | 117ورقة |
| 500 ## - GENERAL NOTE | |
| General note | رسالة جامعية (ماجستير) .- جامعة عجلون الوطنية (عجلون، الأردن)، كلية العلوم التربوية ، تخصص التربية الخاصة، قسم صعوبات التعلم، 2023<br/> |
| 650 70 - SUBJECT ADDED ENTRY--TOPICAL TERM | |
| Topical term or geographic name entry element | الشخصية - جوانب نفسية |
| 9 (RLIN) | 65284 |
| 700 #1 - ADDED ENTRY--PERSONAL NAME | |
| Personal name | عبيدات، علاء عبد الحميد |
| 9 (RLIN) | 65286 |
| Relator term | مشرف |
| 942 ## - ADDED ENTRY ELEMENTS (KOHA) | |
| Source of classification or shelving scheme | Library of Congress Classification |
| Koha item type | Thesis |
| Suppress in OPAC | No |
| Withdrawn status | Lost status | Source of classification or shelving scheme | Damaged status | Not for loan | Home library | Current library | Date acquired | Total Checkouts | Full call number | Barcode | Date last seen | Price effective from | Koha item type |
|---|---|---|---|---|---|---|---|---|---|---|---|---|---|
| Library of Congress Classification | مكتبة جامعة عجلون الوطنية | مكتبة جامعة عجلون الوطنية | 02/06/2024 | BF698.2023 | A29578 | 06/04/2024 | 06/04/2024 | Thesis | |||||
| Library of Congress Classification | مكتبة جامعة عجلون الوطنية | مكتبة جامعة عجلون الوطنية | 06/04/2024 | BF698.2023 | A29560 | 06/04/2024 | 06/04/2024 | Thesis | |||||
| Library of Congress Classification | مكتبة جامعة عجلون الوطنية | مكتبة جامعة عجلون الوطنية | 06/04/2024 | BF579.2023 | A29579 | 06/04/2024 | 06/04/2024 | Thesis | |||||
| Library of Congress Classification | مكتبة جامعة عجلون الوطنية | مكتبة جامعة عجلون الوطنية | 06/04/2024 | BF698.2023 | a29561 | 29/05/2024 | 06/04/2024 | Thesis |